000 00897nam a2200205 i 4500
001 89244
003 ES-MaACL
005 20251014063137.0
007 t|
008 200910s1960 sp |||| | spa d
100 1 _aFernández Ramírez, Salvador,
_d1896-1983
_950022
245 1 3 _aLengua literaria y norma lingüística
_b: discurso leído el día 29 de mayo de 1960, en su recepción pública, /
_cpor el Excmo. Sr. don Salvador Fernández Ramírez y contestación del Excmo. Sr. don José María Pemán y Pemartín-- Madrid : [s.n.], 1960 (Madrid : S. Aguirre Torre).
260 _aMadrid :
_b[s.n.],
_c1960 (
_fS. Aguirre Torre)
300 _a58 p. p. ;
_c25 cm.
500 _aPrecede al tít.: Real Academia Española.
650 4 _aLenguaje-
_xFilosofía.
_914344
700 1 _aPemán, José María,
_d1897-1981
_990130
852 _aES-MaACL
_jF-M-III-F
999 _c89244
_d89244